000 00728nac a22002051u 4500
010 _a 90045808
020 _a0198740972
082 0 0 _a304.60941
_bCOL
090 _c7577
_d7577
100 _aColeman, D. A.
245 1 4 _aThe British population :
_bpatterns, trends, and processes /
_cDavid Coleman and John Salt.
260 _aNew York :
_bOxford University Press,1992
_c1992.
300 _axxvi, 680 p. :
_bill. ;
_c25 cm.
500 _adistributer: Al-Ahram
504 _aIncludes bibliographical references (p. [567]-637) and indexes.
511 _acatalogued by: wessam
651 0 _aGreat Britain
_xPopulation.
700 1 _aSalt, John,
_d1942-
942 _cBB
_k304.60941COL
999 _c7577
_d7577